[Event "La Paz op 2nd"]
[Site "La Paz"]
[Date "2014.11.16"]
[Round "7"]
[White "Peralta, Eduardo"]
[Black "Coro, Renan"]
[Result "1-0"]
[WhiteElo "2219"]
[BlackElo "2023"]
[PlyCount "133"]
[EventDate "2014.11.13"]
[EventType "swiss"]
[EventRounds "7"]
[EventCountry "BOL"]
[SourceTitle "CBM 163 Extra"]
[Source "ChessBase"]
[SourceDate "2014.12.23"]
[SourceVersion "1"]
[SourceVersionDate "2014.12.23"]
[SourceQuality "1"]

1. g3 d5 2. Bg2 c6 3. Nf3 Nf6 4. 0-0 Bg4 5. c4 e6 6. b3 Nbd7 7. Bb2 Bc5 8. Qc2 0-0 9. d3 Rc8 10. Nbd2 Bh5 11. a3 Bd6 12. b4 Bg6 13. Rfe1 e5 14. e4 d4 15. c5 Bb8 16. Nc4 Nh5 17. Rad1 Nhf6 18. Nh4 Bh5 19. Rc1 Ne8 20. Bh3 Kh8 21. Rf1 g5 22. Nf5 Bg6 23. Kh1 h5 24. f4 g4 25. Bg2 Bxf5 26. exf5 f6 27. fxe5 Nxe5 28. Rce1 Nxc4 29. Qxc4 Be5 30. Re4 b5 31. Qc1 Kg7 32. Qa1 Rf7 33. Bxd4 Bxd4 34. Rxd4 Rd7 35. Re4 Nc7 36. Rfe1 Rf7 37. d4 Qd7 38. h3 Qxf5 39. hxg4 hxg4 40. Qd1 Qh5+ 41. Kg1 f5 42. Re7 Qg6 43. Qe2 Qf6 44. Qe5 Rxe7 45. Qxe7+ Qxe7 46. Rxe7+ Kf6 47. Rd7 Ne6 48. Kf2 f4 49. d5 cxd5 50. Bxd5 fxg3+ 51. Kxg3 Nxc5 52. bxc5 Rxc5 53. Kf4 Rc3 54. Rd6+ Ke7 55. Rg6 a5 56. Ke5 Re3+ 57. Be4 Rxa3 58. Rg7+ Ke8 59. Ke6 Kd8 60. Kd6 Ke8 61. Bd5 Rf3 62. Bxf3 gxf3 63. Rg1 b4 64. Kc5 b3 65. Kc4 a4 66. Kc3 Ke7 67. Rf1 1-0

[Event "La Paz op 2nd"]
[Site "La Paz"]
[Date "2014.11.14"]
[Round "4"]
[White "Coro, Renan"]
[Black "Tito, Eduardo"]
[Result "1-0"]
[WhiteElo "2023"]
[BlackElo "1730"]
[PlyCount "83"]
[EventDate "2014.11.13"]
[EventType "swiss"]
[EventRounds "7"]
[EventCountry "BOL"]
[SourceTitle "CBM 163 Extra"]
[Source "ChessBase"]
[SourceDate "2014.12.23"]
[SourceVersion "1"]
[SourceVersionDate "2014.12.23"]
[SourceQuality "1"]

1. d4 Nf6 2. Bg5 d5 3. Bxf6 gxf6 4. e3 Bf5 5. Bd3 Bg6 6. h4 h5 7. Ne2 e5 8. c3 Nd7 9. Qc2 Rg8 10. g3 Bd6 11. Nd2 c6 12. Bxg6 fxg6 13. c4 Qe7 14. cxd5 cxd5 15. Qb3 Nb6 16. 0-0-0 0-0-0 17. Kb1 Kb8 18. Rc1 Bb4 19. Nc3 Ba5 20. Qb5 exd4 21. Qxa5 dxc3 22. Qxc3 Qe5 23. Qxe5+ fxe5 24. f4 Rde8 25. Rhe1 e4 26. Nb3 Rc8 27. Rxc8+ Nxc8 28. Rg1 Ne7 29. g4 Rh8 30. Nd4 hxg4 31. Rxg4 a6 32. Kc2 Kc7 33. Kd2 Kd6 34. b4 b6 35. a4 a5 36. b5 Kc5 37. Kc3 Rc8 38. Rg5 Kd6+ 39. Nc6 Nf5 40. Rxg6+ Kc5 41. Nd4 Nxe3 42. Nb3# 1-0

[Event "American Continental 09th"]
[Site "Cochabamba"]
[Date "2013.05.13"]
[Round "9"]
[White "Herrera, Fernando"]
[Black "Coro, Renan"]
[Result "1-0"]
[WhiteElo "2086"]
[BlackElo "1922"]
[PlyCount "61"]
[EventDate "2013.05.07"]
[EventType "swiss"]
[EventRounds "11"]
[EventCountry "BOL"]
[SourceTitle "CBM 154 Extra"]
[Source "ChessBase"]
[SourceDate "2013.06.25"]
[SourceVersion "2"]
[SourceVersionDate "2013.06.25"]
[SourceQuality "1"]

1. c4 c6 2. e4 d5 3. exd5 cxd5 4. d4 Nc6 5. Nf3 Bg4 6. cxd5 Qxd5 7. Nc3 Qd8 8. d5 Nb8 9. Qb3 Qb6 10. Qc4 Bd7 11. Be3 Qa5 12. b4 Qd8 13. Ne5 Nf6 14. Rd1 g6 15. Nb5 Na6 16. d6 Be6 17. dxe7 Qxe7 18. Nd6+ Qxd6 19. Qb5+ Bd7 20. Rxd6 Bxd6 21. Nxd7 Nxd7 22. a3 0-0-0 23. Be2 Nc7 24. Qa4 a6 25. 0-0 f5 26. Rc1 f4 27. Bd4 Rhe8 28. Bf3 Kb8 29. Bc5 Be5 30. h3 Nb5 31. Qb3 1-0

[Event "American Continental 09th"]
[Site "Cochabamba"]
[Date "2013.05.12"]
[Round "8"]
[White "Coro, Renan"]
[Black "Molina, Ruben"]
[Result "1-0"]
[WhiteElo "1922"]
[BlackElo "2030"]
[PlyCount "79"]
[EventDate "2013.05.07"]
[EventType "swiss"]
[EventRounds "11"]
[EventCountry "BOL"]
[SourceTitle "CBM 154 Extra"]
[Source "ChessBase"]
[SourceDate "2013.06.25"]
[SourceVersion "2"]
[SourceVersionDate "2013.06.25"]
[SourceQuality "1"]

1. d4 Nf6 2. Bg5 d5 3. Bxf6 exf6 4. e3 c5 5. dxc5 Bxc5 6. c3 Nc6 7. Nd2 Be6 8. Ngf3 Ne5 9. Be2 0-0 10. Nb3 Bd6 11. Nbd4 Rc8 12. 0-0 g5 13. g3 Qb6 14. Qb3 Qc5 15. Rfd1 b6 16. Bf1 Kg7 17. Bg2 Rcd8 18. Qc2 a5 19. Nf5+ Kh8 20. Nxd6 Nxf3+ 21. Bxf3 Rxd6 22. Rd4 f5 23. Rad1 b5 24. a3 Rc8 25. Qd3 Rcd8 26. Be2 Rb8 27. Qd2 Rbd8 28. Bf1 Rb6 29. e4 fxe4 30. Qxg5 Re8 31. Rxe4 Qe7 32. Qxe7 Rxe7 33. Rxd5 Rc7 34. Rxb5 Rd6 35. f4 Rd1 36. Kf2 a4 37. Be2 Rh1 38. h4 Bb3 39. Bf1 f5 40. Rxf5 1-0

[Event "American Continental 09th"]
[Site "Cochabamba"]
[Date "2013.05.12"]
[Round "7"]
[White "Cortes Orihuela, Javier"]
[Black "Coro, Renan"]
[Result "1-0"]
[WhiteElo "2032"]
[BlackElo "1922"]
[PlyCount "125"]
[EventDate "2013.05.07"]
[EventType "swiss"]
[EventRounds "11"]
[EventCountry "BOL"]
[SourceTitle "CBM 154 Extra"]
[Source "ChessBase"]
[SourceDate "2013.06.25"]
[SourceVersion "2"]
[SourceVersionDate "2013.06.25"]
[SourceQuality "1"]

1. d4 c6 2. c4 d5 3. Nc3 Nf6 4. cxd5 cxd5 5. Bf4 Nc6 6. e3 a6 7. Bd3 e6 8. Rc1 Bd6 9. Bxd6 Qxd6 10. f4 Bd7 11. Nf3 0-0 12. 0-0 b5 13. Ne5 Rac8 14. Qf3 Ne7 15. g4 g6 16. Qh3 b4 17. Ne2 Bb5 18. Bxb5 axb5 19. Ng3 Nd7 20. Nxd7 Qxd7 21. Qg2 Rxc1 22. Rxc1 Rc8 23. Rxc8+ Qxc8 24. Qd2 Qc4 25. b3 Qc3 26. Qxc3 bxc3 27. Ne2 b4 28. Kf1 Nc8 29. a3 bxa3 30. Nxc3 Nd6 31. Ke2 Ne4 32. Na2 f6 33. h4 h6 34. Nb4 Nc3+ 35. Kd2 a2 36. Nc2 Ne4+ 37. Kc1 Nf2 38. g5 fxg5 39. fxg5 h5 40. Kb2 Ne4 41. Kxa2 Nd6 42. Ne1 Kf8 43. Ng2 Nf5 44. Kb2 Ke7 45. Kc3 Kd6 46. b4 e5 47. dxe5+ Kxe5 48. Kd3 Ne7 49. b5 Kd6 50. e4 Kc5 51. exd5 Kxd5 52. b6 Ke5 53. b7 Nc6 54. Ke3 Kf5 55. Nf4 Nb8 56. Kf3 Na6 57. Nd5 Ke5 58. Ne7 Kd6 59. Nxg6 Kc7 60. Nf4 Nc5 61. g6 Nd7 62. g7 Nf6 63. Nd5+ 1-0

[Event "American Continental 09th"]
[Site "Cochabamba"]
[Date "2013.05.10"]
[Round "5"]
[White "Arias, Pablo"]
[Black "Coro, Renan"]
[Result "1-0"]
[WhiteElo "2050"]
[BlackElo "1922"]
[PlyCount "66"]
[EventDate "2013.05.07"]
[EventType "swiss"]
[EventRounds "11"]
[EventCountry "BOL"]
[SourceTitle "CBM 154 Extra"]
[Source "ChessBase"]
[SourceDate "2013.06.25"]
[SourceVersion "2"]
[SourceVersionDate "2013.06.25"]
[SourceQuality "1"]

1. e4 d5 2. exd5 Qxd5 3. Nc3 Qa5 4. d4 c6 5. Bc4 Nf6 6. Nge2 Bf5 7. 0-0 e6 8. Ng3 Bb4 9. Nxf5 Qxf5 10. Bd3 Qa5 11. Ne4 Nxe4 12. Bxe4 Nd7 13. c4 Nf6 14. Bf3 Rd8 15. Be3 Bd6 16. a3 Qc7 17. g3 h5 18. Qe2 b6 19. Rad1 Kf8 20. c5 Be7 21. cxb6 axb6 22. Rc1 Nd5 23. Bxh5 Bd6 24. Bf3 Ne7 25. Rc2 e5 26. dxe5 Bxe5 27. Bxb6 Qxb6 28. Qxe5 Qb3 29. Re2 Ng6 30. Qc7 Rb8 31. Qxc6 Qd3 32. Rfe1 Kg8 33. Be4 Ne5 1-0

[Event "American Continental 09th"]
[Site "Cochabamba"]
[Date "2013.05.09"]
[Round "4"]
[White "Coro, Renan"]
[Black "Medrano, Mario"]
[Result "1/2-1/2"]
[WhiteElo "1922"]
[BlackElo "2085"]
[PlyCount "150"]
[EventDate "2013.05.07"]
[EventType "swiss"]
[EventRounds "11"]
[EventCountry "BOL"]
[SourceTitle "CBM 154 Extra"]
[Source "ChessBase"]
[SourceDate "2013.06.25"]
[SourceVersion "2"]
[SourceVersionDate "2013.06.25"]
[SourceQuality "1"]

1. d4 e6 2. Nf3 d5 3. Bf4 Nf6 4. e3 b6 5. c3 Bd6 6. Bxd6 Qxd6 7. Be2 0-0 8. Nbd2 Ba6 9. 0-0 Bxe2 10. Qxe2 Nbd7 11. e4 dxe4 12. Nxe4 Nxe4 13. Qxe4 Rfe8 14. Rfe1 f6 15. Rad1 Qd5 16. Qxd5 exd5 17. Kf1 Kf7 18. Nh4 g6 19. g4 Rxe1+ 20. Rxe1 Re8 21. Rxe8 Kxe8 22. Ke2 Ke7 23. Kd3 Nf8 24. Ng2 Ne6 25. h4 c6 26. f3 Ng7 27. a4 a6 28. b4 Ne8 29. Ne3 Nd6 30. Kd2 Ke6 31. Kd3 h6 32. Ng2 f5 33. Kc2 Kf6 34. Ne3 Nc4 35. Nxc4 dxc4 36. Kd2 fxg4 37. fxg4 h5 38. gxh5 gxh5 39. Ke3 Kf5 40. Kf3 a5 41. Ke3 Kg4 42. Ke4 Kxh4 43. b5 cxb5 44. d5 Kg5 45. Ke5 Kg6 46. Ke6 b4 47. d6 b3 48. d7 b2 49. d8Q b1Q 50. Qg8+ Kh6 51. Qf8+ Kg5 52. Qf6+ Kg4 53. Qd4+ Kf3 54. Qf6+ Ke2 55. Qe5+ Kd2 56. Kd6 Qd3+ 57. Kc6 Qxc3 58. Qxh5 Qb3 59. Qh2+ Kc3 60. Qe5+ Kb4 61. Kxb6 Kxa4+ 62. Ka6 Qb4 63. Qa1+ Qa3 64. Qd1+ Kb4 65. Qd6+ Kb3 66. Qd1+ Kb4 67. Qd6+ Ka4 68. Qd7+ Kb3 69. Qd1+ Kc3 70. Qf3+ Kb4 71. Qb7+ Kc3 72. Qf3+ Kb2 73. Qe2+ Kb3 74. Qd1+ Kb4 75. Qd6+ Ka4 1/2-1/2

[Event "South America-ch U20 6th"]
[Site "Tarija"]
[Date "2011.05.04"]
[Round "2"]
[White "Coro, Renan"]
[Black "Bassan, Remo"]
[Result "0-1"]
[WhiteElo "1803"]
[BlackElo "2337"]
[PlyCount "68"]
[EventDate "2011.05.03"]
[EventType "swiss"]
[EventRounds "9"]
[EventCountry "BOL"]
[SourceTitle "EXT 2022"]
[Source "ChessBase"]
[SourceDate "2021.10.06"]
[SourceVersion "1"]
[SourceVersionDate "2021.10.06"]
[SourceQuality "1"]

1. d4 Nf6 2. Bg5 Ne4 3. Bf4 d5 4. e3 e6 5. Bd3 b6 6. Bxe4 dxe4 7. Ne2 Bb7 8. Nd2 Nd7 9. c3 Be7 10. Qc2 f5 11. Qb3 Kf7 12. 0-0-0 a5 13. Bg3 a4 14. Qc2 b5 15. f3 Nf6 16. Be5 Nd5 17. Nf1 Bg5 18. f4 Be7 19. g4 Rg8 20. Neg3 g6 21. g5 Qd7 22. h4 Qc6 23. h5 a3 24. hxg6+ hxg6 25. Rh7+ Ke8 26. Kd2 axb2 27. Qxb2 Qc4 28. Ra1 b4 29. Rxe7+ Kxe7 30. cxb4 Qd3+ 31. Ke1 Nxe3 32. Nxe3 Qxe3+ 33. Ne2 Rh8 34. Bxh8 Rxh8 0-1